| 000 | 00370nam a2200145 a 4500 | ||
|---|---|---|---|
| 001 | 1699 | ||
| 003 | CDMR | ||
| 005 | 20130116135214.0 | ||
| 008 | 130130s1998||||||||||||||||||||||||||||d | ||
| 040 |
_aCDMR _bcat _cCPC LLEIDA |
||
| 100 | 1 |
_aMolina Luque, Fidel _91264 |
|
| 245 | 1 | 0 |
_aInterculturalitat i Educació _cMOLINA LUQUE, Fidel |
| 260 |
_aLleida _c1998 _bUdL |
||
| 942 | _cMON | ||
| 999 |
_c1699 _d1699 |
||